Candombe.

Guardado en:
Formato: Deslizar
Materias:
Etiquetas: Agregar Etiqueta
Sin Etiquetas, Sea el primero en etiquetar este registro!
LEADER 00735ngm a22002175g 4500
001 CEM.cems022585
008 130507b2001##################0###0#####d
005 20241108132828.0
245 0 0 |a Candombe. 
300 |a 26'. 
500 |a En soporte VHS, consultar en ventanilla. 
505 0 |a Candombe. Antecedentes del carnaval en Montevideo. Influencias de la música negra. Principales exponentes. 
538 |a Soporte: VHS - Norma: Pal N - Color: Si - Grabación DRD 2001 - Hitachi=3970 
082 7 8 |/ POP 
653 |a MUSICA 
653 |a MUSICA POPULAR 
653 |a CANDOMBE 
653 |a CARNAVAL 
653 |a NIVEL PRIMARIO 
653 |a NIVEL SECUNDARIO 
859 |a CEMS  |b BIB. CEMS - Depto. Recursos Didacticos  |h 780  |i POP  |k DRD  |p 1228.12  |t Ej.1